Movies Quiz

Random Movies or Actor Quiz
Score 0/96 Timer 15:00
0 Plays Today
Date of birth/ first nomination Actor % Correct
09 July 1956/ Actor 1988Tom Hanks
96.1%
26 July 1959/ Supporting Actor 1995Kevin Spacey
87.8%
20 March 1958/ Actress 1987Holly Hunter
87.3%
20 March 1950/ Actor 1985William Hurt
86.7%
18 January 1955/ Actor 1990Kevin Costner
86.4%
29 April 1957/ Actor 1989Daniel Day-Lewis
86.1%
21 September 1950/ Actor 2003Bill Murray
85.6%
28 November 1950/ Supporting Actor 1995Ed Harris
85.6%
19 November 1959/ Supporting Actress 2017Allison Janney
85.6%
20 August 1956/ Supporting Actress 1995Joan Allen
84.8%
16 June 1955/ Supporting Actress 2017Laurie Metcalf
83.7%
18 February 1954/ Actor 1977John Travolta
83.4%
13 November 1955/ Actress 1985Whoopi Goldberg
83.4%
21 July 1951/ Actor 1987Robin Williams
83.1%
09 July 1951/ Supporting Actor 2002Chris Cooper
82%
28 December 1954/ Supporting Actor 1987Denzel Washington
82%
23 April 1955/ Actress 1984Judy Davis
82%
21 January 1956/ Supporting Actress 1988Geena Davis
82%
5 September 1951/ Actor 2014Michael Keaton
81.8%
21 March 1958/ Actor 2011Gary Oldman
80.6%
17 March 1955/ Supporting Actor 1994Gary Sinise
80.1%
13 March 1950/ Supporting Actor 1996William H Macy
79.8%
01 July 1952/ Supporting Actor 1989Dan Aykroyd
78.9%
03 April 1958/ Supporting Actor 2003Alec Baldwin
78.7%
29 January 1954/ Supporting Actress 1985Oprah Winfrey
77%
23 June 1957/ Supporting Actress 1988Frances McDormand
75.6%
07 June 1952/ Actor 1993Liam Neeson
74.8%
06 July 1951/ Actor 1996Geoffrey Rush
74.5%
04 August 1955/ Actor 1996Billy Bob Thornton
74.5%
16 October 1958/ Supporting Actor 2003Tim Robbins
74.5%
07 March 1956/ Actor 2015Bryan Cranston
74.2%
10 December 1957/ Supporting Actor 1999Michael Clarke Duncan
74%
Date of birth/ first nomination Actor % Correct
29 May 1958/ Supporting Actress 1990Annette Bening
74%
15 April 1959/ Actress 1992Emma Thompson
73.7%
5 May 1957/ Supporting Actor 2018Richard E. Grant
73.4%
14 August 1959/ Supporting Actress 2000Marcia Gay Harden
73.1%
01 October 1950/ Supporting Actor 1973Randy Quaid
72.9%
19 June 1954/ Actress 1986Kathleen Turner
72%
29 April 1958/ Supporting Actress 1988Michelle Pfeiffer
71.5%
08 July 1951/ Supporting Actress 1985Anjelica Huston
71.2%
28 April 1952/ Supporting Actress 1990Mary McDonnell
71.2%
16 September 1956/ Actor 2008Mickey Rourke
71.2%
04 October 1956/ Supporting Actor 2009Christoph Waltz
70.4%
22 June 1952/ Supporting Actor 1990Graham Greene
70.1%
03 March 1958/ Supporting Actress 1992Miranda Richardson
70.1%
20 October 1958/ Actor 2007Viggo Mortensen
69.8%
22 February 1950/ Actress 1983Julie Walters
69.3%
9 January 1955/ Supporting Actor 2014JK Simmons
69.2%
12 April 1956/ Supporting Actor 1990Andy Garcia
67%
18 April 1956/ Supporting Actor 1985Eric Roberts
66.5%
22 January 1959/ Supporting Actress 1973Linda Blair
66.2%
29 December 1959/ Supporting Actress 2003Patricia Clarkson
65.7%
08 November 1952/ Supporting Actress 1983Alfre Woodard
64.3%
16 May 1955/ Actress 1982Debra Winger
63.2%
06 December 1953/ Actor 1984Tom Hulce
62.9%
12 March 1956/ Supporting Actress 2017Lesley Manville
62.8%
16 September 1958/ Supporting Actress 1994Jennifer Tilly
62.3%
30 September 1952/ Supporting Actor 1968Jack Wild
62%
08 December 1953/ Supporting Actress 1997Kim Basinger
61.8%
04 April 1950/ Supporting Actress 1984Christine Lahti
61.2%
02 October 1954/ Supporting Actress 1990Lorraine Bracco
60.7%
27 October 1953/ Supporting Actor 1977Peter Firth
60.1%
15 August 1950/ Supporting Actress 1986Tess Harper
59.8%
17 October 1950/ Supporting Actor 1981Howard Rollins
59.6%
Date of birth/ first nomination Actor % Correct
11 September 1950/ Supporting Actress 1985Amy Madigan
59.3%
08 February 1953/ Supporting Actress 1980Mary Steenburgen
59.3%
10 March 1958/ Actress 1995Sharon Stone
58.7%
22 March 1955/ Supporting Actress 1989Lena Olin
58.4%
18 June 1952/ Actress 1975Carol Kane
57.9%
27 October 1952/ Actor 1998Roberto Benigni
57.9%
09 December 1953/ Supporting Actor 1984John Malkovich
57.6%
22 July 1955/ Supporting Actor 1986Willem Dafoe
56.8%
15 May 1952/ Supporting Actor 1994Chazz Palminteri
55.7%
18 March 1950/ Supporting Actor 1975Brad Dourif
55.4%
09 January 1956/ Actress 2004Imelda Staunton
54.8%
16 May 1959/ Supporting Actress 1995Mare Winningham
54.8%
16 March 1953/ Actress 2016Isabelle Huppert
54.8%
24 April 1955/ Supporting Actor 1980Michael O'Keefe
54.6%
10 September 1953/ Supporting Actress 1983Amy Irving
54.3%
16 March 1951/ Supporting Actress 1991Kate Nelligan
53.5%
05 March 1956/ Supporting Actress 2006Adriana Barraza
52.6%
19 February 1953/ Actor 1995Massimo Troisi
52.4%
16 August 1958/ Actress 1993Angela Bassett
52.1%
09 August 1957/ Actress 1988Melanie Griffith
51.2%
27 June 1955/ Actress 1975Isabelle Adjani
51%
21 December 1955/ Supporting Actor 1955Joe Mantell
48.2%
21 October 1959/ Supporting Actor 2003Ken Watanabe
47.9%
11 September 1959/ Supporting Actor 2010John Hawkes
47.4%
23 March 1959/ Supporting Actress 1999Catherine Keener
46.5%
19 November 1954/ Supporting Actress 1995Kathleen Quinlan
42.9%
07 October 1952/ Supporting Actress 1962Mary Badham
41.8%
11 May 1952/ Supporting Actress 2003Shoreh Aghdashloo
38.8%
29 June 1957/ Supporting Actress 1977Leslie Browne
37.7%
30 August 1954/ Supporting Actor 1992David Paymer
30.5%
27 August 1955/ Supporting Actress 1980Diana Scarwid
29.1%
17 November 1958/ Supporting Actress 1986Mary Elizabeth Mastrantonio
29.1%
Remove Ads.
Support Sporcle.
Get the best of Sporcle when you Go Orange. This ad-free experience offers more features, more stats, and more fun while also helping to support Sporcle. Thank you for becoming a member.

You're not logged in!

Compare scores with friends on all Sporcle quizzes.
OR
Log In

Show Comments

Extras

Top Quizzes Today


Score Distribution

Your Account Isn't Verified!

In order to create a playlist on Sporcle, you need to verify the email address you used during registration. Go to your Sporcle Settings to finish the process.

Report this User

Report this user for behavior that violates our Community Guidelines.

Details: